00425nam a2200169Ia 4500003000400000005001700004008004100021020001800062050002400080100002200104245003900126260003600165300003300201440000600234521000700240526000800247OSt20140313161433.0140130s9999 xx 000 0 und d a9780439583534 aPZ 7b.B852Hal 2003 aBridwell, Norman. cNorman Bridwell.aHalloween Howl / bScholastic Inc.,cc2003.aUSA : a24 p. :bcol. ill. ;c23 cm. v1 aG1 c230